Sports Quiz

Random Sports Quiz

Pundit Arena Daily GAA Trivia Challenge - Day 12 Quiz Stats

 Plays Quiz not verified by Sporcle

Support Sporcle.
Go Orange.
Score 0/20 Timer 05:00
0 Plays Today
Hint Answer % Correct
Number of All-Stars won by Mayo's Ciaran McDonald (spell out number)One
82.7%
The O’Moore CountyLaois
72%
Davy Fitzgerald's clubSixmilebridge
71.1%
Year Sky Sports first bought rights to GAA games2014
70.2%
Year Armagh last won the Sam Maguire2002
70.2%
Roscommon faced this county in the first ever Super 8s gameTyrone
68.4%
Reigning Munster club football championsNemo Rangers
61.5%
Jersey sponsors of KilkennyAvonmore
59.3%
Injured referee Brian Gavin during 2011 All-Ireland finalTommy Walsh
58%
Derry play their home games hereCeltic Park
54.6%
Hint Answer % Correct
Club of Galway legend Damien HayesPortumna
53.9%
Joint Wexford captain alongside Matthew O'HanlonLee Chin
53.7%
Footballer of the Year 2012Karl Lacey
49.6%
Kildare football managerJack O'Connor
45.2%
Won Tipperary's second-ever football All-StarMichael Quinlivan
38.3%
Tier 4 All-Ireland hurling competitionNicky Rackard Cup
28%
Opted out of Dublin football side for 2016 championshipJack McCaffrey
26.7%
2018 Young Hurler of the Year Kyle Hayes
26.1%
Clare substitute who scored late goal to knock Tipperary out of 2018 championshipIan Galvin
18.5%
Reached the Leinster club hurling final for the first time in 2019St Mullins
17.1%

You're not logged in!

Compare scores with friends on all Sporcle quizzes.
OR
Log In

From the Vault

Cleveland Indians Opening Day Starting Pitchers

by Hejman

We think it's about time that Sporcle had our own baseball team.
Remove Ads.
Support Sporcle.
Get the best of Sporcle when you Go Orange. This ad-free experience offers more features, more stats, and more fun while also helping to support Sporcle. Thank you for becoming a member.

Show Comments

Extras

Created May 20, 2020ReportNominate
Tags:arena, challenge, Daily, gaa, pundit, Trivia

Top Quizzes Today


Score Distribution

Your Account Isn't Verified!

In order to create a playlist on Sporcle, you need to verify the email address you used during registration. Go to your Sporcle Settings to finish the process.

Report this User

Report this user for behavior that violates our Community Guidelines.

Details: